Quizzes
Events
Quiz Creation
Community
Videos
Private Events
Remove Ads
Sign In
Join for FREE
Feedback
Dark Mode
Quiz Categories
Sports
Geography
Music
Movies
Television
Just For Fun
Miscellaneous
History
Literature
Language
Science
Gaming
Entertainment
Religion
Holiday
For Kids
Quiz Lab
Recent
Popular Today
Quiz Kudos Today
Editor Picks
Curator Picks
Quizzes by...
Day
Popularity
Type
Ratings
Length
Year
Community
Subscriptions
Recent Discussions
Orange Saloon
Badges
Playlists
Quests
Create
Leaderboards
Showdown
Live 5
Trivia Bingo
Activity
Puzzle Library
Sporcle Events
Private Events
Virtual Trivia
Globe League
Become a Host
Pub Owners
SporcleCon
Opinionation
Our Games
Videos
Blog
Mobile Apps
Partnerships
Remove Ads and Go Orange
Feedback
Movies
Disney
Marvel Cinematic Universe
Movie Resume
Movie Titles
Oscar
Actor
Actress
Director
Pixar
Role
Movie Quotes
Movie Characters
Box Office
Nominee
Best Picture
Star Wars
James Bond
Horror Movies
Movies
Disney
Marvel Cinematic Universe
Movie Resume
Movie Titles
Oscar
Actor
Actress
Director
Pixar
Role
Movie Quotes
Movie Characters
Box Office
Nominee
Best Picture
Star Wars
James Bond
Horror Movies
Random Quiz
Search Sporcle
×
Quiz Lab
Quiz Lab
Movies
Movie Titles
Type in answers that appear in a list
Type in answers that appear in a list
Classic
Best Score? Go Orange.
Sally Field Mix Up Stats
Can you name the Sally Field Mix Up?
By
Eric7272
5m
20 Questions
35 Plays
35 Plays
35 Plays
Comments
Comments
Give Quiz Kudos
Give Quiz Kudos
-
- Ratings
hide this ad
More Info
Replay
Link that replays current quiz
Next Quiz
Link to next quiz in quiz playlist
You Got
0%
They Got
Avg Score
69%
Avg Friend Score
Upgrade to see
Score Distribution
Jump to the score distribution portion of the page
Score
0/20
Timer
05:00
0
Plays Today
Year
Answer
% Correct
1993
Mrs. Doubtfire
97.1%
1978
The End
94.3%
2000
Where the Heart Is
88.6%
1996
Eye for an Eye
88.6%
1991
Not Without My Daughter
85.7%
2001
Say It Isn't So
85.7%
1979
Norma Rae
82.9%
1984
Places in the Heart
80%
1994
Forrest Gump
80%
1977
Smokey and the Bandit
74.3%
Year
Answer
% Correct
1982
Kiss Me Goodbye
74.3%
1989
Steel Magnolias
68.6%
1981
Back Roads
65.7%
1978
Hooper
60%
1979
Beyond the Poseidon Adventure
60%
1987
Surrender
51.4%
1991
Soapdish
48.6%
1985
Murphy's Romance
42.9%
1988
Punchline
40%
1977
Heroes
28.6%
Quiz Playlist
Details
Report
Send in Message
Add To Playlist
More Info:
Can you unscramble the mixed up letters and name the Sally Field movie?
Classic:
Type in answers that appear in a list
Last Updated: Feb 16, 2017
Quiz Scoreboard
CHALLENGE
Sign Up to Join the Scoreboard
Show All
Scores
Hide
Comments
May contain spoilers
Recently Published
Alphabetical 'K' Countries by Flag Minefield
by ylime102
Geography
3m
Pick 6: Fruits
by JohnFran
Miscellaneous
15s
Click the 1999 NBA Draft
by nibperrychub
Sports
2m
More to Explore
Quiz From the Vault
Featured Blog Post
15 Basketball Trivia Facts You Can Be March Mad About
hide this ad
You Might Also Like...
Tags
Movie Titles Quiz
field
Mix
Mixed
Sally
Sally Field
Today's Top Quizzes in Movies
Browse Movies
hide this ad
Today's Top Quizzes in Movie Titles
Browse Movie Titles
Top Contributed Quizzes in Movies
1
Pick 6: Harry Potter
2
Pick 6: Movie Franchises
3
Pick 6: Actors
4
Pick 6: Actresses
5
Pick 6: Disney Princesses
6
Match The President To The Fictional Crisis
7
Harry Potter Logic Puzzle
8
Movies of the Seasons
9
10 Quentin Tarantino Movies in Order
10
Marvel Movies: Who Wants to be a Millionaire? HARD
Explore More
Trending Topics
Kpop
Marvel
Crossword
NBA
Anime
Harry Potter
Disney
WWE
NFL
The Office
Song
Puzzle
Country
Pokémon
Soccer
hide this ad
More By:
Eric7272
Quiz
Plays
Rating
Category
Featured
Created
Frances McDormand Movies
4,702
4.36
Movies
Jul 6, 2010
Missing Word: Movie 'Y' Words
4,679
4.68
Just For Fun
Jul 6, 2012
Jennifer Lopez Movies
2,486
4.60
Movies
May 3, 2010
Geena Davis Movies
1,649
3.83
Movies
Jul 6, 2010
Tim Robbins Movies
768
4.00
Movies
May 1, 2010
Go to Creator's Profile
Score Distribution
Quiz Creator Spotlight
Eric7272
Follow
Send a Message
Quizzes Created
-
Created Quiz Play Count
-
More By This Creator
Popular Quizzes Today
1
Find the US States - No Outlines Minefield
2
Countries of Asia Without Outlines Minefield
3
Pick 6: Fruits
4
Alphabetical 'K' Countries by Flag Minefield
5
The Countries of the World
6
Find the US States
7
Match the Book to the Film X
8
Click the 1999 NBA Draft
More Movies Quizzes
Pair of Actors in 1982 Movie Posters
Quiz Lab
Trending Quizzes
Pick 6: Mountains
Pick 6: Harry Potter
Pick 6: NFL Teams
Pick 6: Movie Franchises
Pick 6: Golfers
Recently Updated
NWSL Teams
pecheneg
Women's Final Four Teams by Year
bhenderson79
Presidents Quartet II
eogle
Anything But Clue(do)
eogle
Anything But Oceanian Capitals
eogle
Anything But 7
eogle
Anything But Thing
eogle
Word Ladder: February 29
pecheneg
Song Title Questions
pecheneg
Women's NCAA Tournament #1 Seeds
pecheneg
Trending Topics
Marvel
Anime
Kpop
Disney
NBA
Harry Potter
Crossword
Song
NFL
Pokémon
The Office
Country
Soccer
Puzzle
WWE
Your Account Isn't Verified!
In order to create a playlist on Sporcle, you need to verify the email address you used during registration. Go to your
Sporcle Settings
to finish the process.
Report this User
Report this user for behavior that violates our
Community Guidelines
.
Details:
Send Report
Go to the Sporcle.com Mobile Site →
Comments